| 000 | 00340nam a2200133Ia 4500 | ||
|---|---|---|---|
| 008 | 230801s9999||||xx |||||||||||||| ||und|| | ||
| 020 | _a9788190548717 | ||
| 082 |
_a006.76 _bS6932 |
||
| 100 | _aSomani, R K & Jhanwar, Alka | ||
| 245 | 0 | _aWeb Technology | |
| 260 |
_aJaipur _bCollege Book Centre _c2019 |
||
| 300 | _axii, 384 p. | ||
| 942 | _cBK | ||
| 999 |
_c26979 _d26979 |
||